| 000 | 00360pab a2200145 454500 | ||
|---|---|---|---|
| 008 | 180718b1998 xxu||||| |||| 00| 0 eng d | ||
| 100 | _aSharan, Ramesh | ||
| 245 | _aPanchayat raj and tribal self-rule: proceedings of a workshop | ||
| 260 | _c1998 | ||
| 300 | _ap.108-21 | ||
| 362 | _aMar | ||
| 650 | _aPanchayat | ||
| 773 | _aSocial Change | ||
| 909 | _a43033 | ||
| 999 |
_c43033 _d43033 |
||